A-Z EU Geography - Statistics

General Stats
  • This quiz has been taken 71 times
  • The average score is 15 of 26
Answer Stats
Letter Hint Answer % Correct
E Tallinn is its capital Estonia
94%
A City in Belgium Antwerp
92%
L Largest city in the EU London
92%
M Valletta is its capital Malta
91%
N Capital of Cyprus Nicosia
91%
O Home of the best university in the world Oxford
91%
D German for Germany Deutschland
86%
H Landlocked country in Eastern Europe Hungary
86%
K Polish city closest to Auschwitz Krakow
83%
B Bay located by France and Spain Biscay
77%
V Romeo and Juliet took place here Verona
75%
I City in the Scottish Highlands Inverness
74%
R Greek island off the coast of south Turkey Rhodes
69%
S Birthplace of Shakespeare Stratford
66%
U 4th largest city in The Netherlands Utrecht
60%
Y Birthplace of Guy Fawkes York
45%
P Coastal city in Devon Plymouth
43%
Q City in Brittany, France Quimper
26%
T Sea in between Mainland Italy, Sicily and Sardinia Tyrrhenian
23%
Z Coastal city in Croatia Zadar
20%
C Town near Leipzig, famous for POW Castle Colditz
17%
G Birthplace of Margaret Thatcher Grantham
15%
W British town famous for scampi Whitby
15%
X Small Greek city beneath Bulgaria Xanthi
14%
F Birthplace of William the Conqueror Falaise
3%
J Birthplace of Louis Vuitton Jura
2%
No matching quizzes found
Score Distribution
Percent of People with Each Score
Percentile by Number Answered
Your Score History
You have not taken this quiz